Marketing Mastermind : An IUP Publication (Record no. 97742)
[ view plain ]
| 000 -LEADER | |
|---|---|
| fixed length control field | 00276nam a2200097Ia 4500 |
| 008 - FIXED-LENGTH DATA ELEMENTS--GENERAL INFORMATION | |
| fixed length control field | 230206s9999 xx 000 0 und d |
| 041 ## - LANGUAGE CODE | |
| Language code of text/sound track or separate title | eng |
| 100 ## - MAIN ENTRY--PERSONAL NAME | |
| Personal name | Murthy E N, Ed. |
| 9 (RLIN) | 119290 |
| 245 ## - TITLE STATEMENT | |
| Title | Marketing Mastermind : An IUP Publication |
| 260 ## - PUBLICATION, DISTRIBUTION, ETC. (IMPRINT) | |
| Date of publication, distribution, etc. | 2011 |
| Name of publisher, distributor, etc. | IUP Publications |
| Place of publication, distribution, etc. | Hyderabad |
| Withdrawn status | Lost status | Damaged status | Not for loan | Home library | Current library | Date acquired | Vendor | Serial Enumeration / chronology | Total Checkouts | Full call number | Barcode | Date last seen | Bill Date | Koha item type | Original Barcode |
|---|---|---|---|---|---|---|---|---|---|---|---|---|---|---|---|
| Smt. Hiraben Nanavati Institute of Management & Research for Women | Smt. Hiraben Nanavati Institute of Management & Research for Women | 01/12/2016 | Satya Gilani | July 2011 to Aug. 2011 (Vol. 11 No. 7 to Vol. 11 No. 8) | 658.8/MUR BV0414 | HIMR-BV-414 | 06/02/2023 | 06/02/2023 | Bound Volume | BV0414 |